000 01252 a2200229 4500
001 23141
005 20260407155520.0
008 260407a1971 arg spa d
003 AR-UNSa-BCEJYS
040 _aAR-UNSa-BCEJYS
_bspa
_cAR-UNSa-BCEJYS
080 _a330
_xEconomía en general
245 1 0 _aFundamentos del análisis económico
250 _a3a. ed
264 1 _aBuenos Aires :
_bEl Ateneo
_c1971
300 _axvi, 461 p.
_c22 cm.
505 _aPrimera Parte : 1. Introducción - 2. Sistemas de equilibrio y de estatica comparativa - 3. Teoria de la "maximización" de la conducta - 4. Un replanteo comprensivo de la teoria del costo y de la producción - 5. Teoría pura de la conducta del consumidor - 6. Transformaciones, conjuntos de bienes y racionamiento - 7. Algunos aspectos especiales de la teoría de la conducta del consumidor - 8. Economia del bienestar - Segunda Parte 9. Estabilidad del equilibrio: estatica comparativa y dinamica - 10. Estabilidad del equilibrio: Sistemas lineales y no lineales - 11. Elementos fundamentales de la teoria dinamica - 12.Conclusión.
942 _cBK
590 _aniveau_biblio:m niveau_hierar:0
100 1 _aBacic, Uros
700 1 _aSamuelson, Paul A.
700 1 _aBarral Souto, José
999 _c1086
_d1086